000
00328 a2200109 4500
001
ART_11338
005
20260410161856.0
008
260409a
245
1
0
_a
Análisis de la promoción industrial Argentina
100
1
_a
Frediani, Ramón O.
773
0
_t
Revista de Economía
_g
- Nº 45 (dic. 1985)
_w
REV11077
999
_c
25481
_d
25481